Uute sônade ja vähem tuntud sõnade sônastik, sisaldab yle 4000 uuema ja vähem tuntud ning haruldasema sõna. (Record no. 18114)

MARC details
000 -LEADER
fixed length control field 00725cam a22002052 4500
001 - CONTROL NUMBER
control field ca 36000709
003 - CONTROL NUMBER IDENTIFIER
control field DLC
005 - DATE AND TIME OF LATEST TRANSACTION
control field 20260227111141.0
008 - FIXED-LENGTH DATA ELEMENTS--GENERAL INFORMATION
fixed length control field 840817s1921 er 000 0 est
010 ## - LIBRARY OF CONGRESS CONTROL NUMBER
LC control number ca 36000709
040 ## - CATALOGING SOURCE
Original cataloging agency DLC
Transcribing agency CarP
Modifying agency DLC
050 00 - LIBRARY OF CONGRESS CALL NUMBER
Classification number PH625
Item number .A2 1921
051 ## - LIBRARY OF CONGRESS COPY, ISSUE, OFFPRINT STATEMENT
Classification number PH625
Item number .A2 1921 Copy 2
Copy information Copy 2
100 1# - MAIN ENTRY--PERSONAL NAME
Personal name Aavik, Johannes,
Dates associated with a name 1880-1973.
245 00 - TITLE STATEMENT
Title Uute sônade ja vähem tuntud sõnade sônastik, sisaldab yle 4000 uuema ja vähem tuntud ning haruldasema sõna.
Statement of responsibility, etc. Kokku säädnud Joh. Aavik.
250 ## - EDITION STATEMENT
Edition statement 2. parandet ja suuresti täiendet trykk.
260 ## - PUBLICATION, DISTRIBUTION, ETC.
Place of publication, distribution, etc. Tallinnas,
Name of publisher, distributor, etc. A. Keisermann,
Date of publication, distribution, etc. 1921.
300 ## - PHYSICAL DESCRIPTION
Extent 160 p.
Dimensions 21 cm.
650 #0 - SUBJECT ADDED ENTRY--TOPICAL TERM
Topical term or geographic name entry element Estonian language
Form subdivision Glossaries, vocabularies, etc.

No items available.

Powered by Koha